| 000 | 00735nam a22002297a 4500 | ||
|---|---|---|---|
| 999 |
_c1682 _d1682 |
||
| 001 | 1682 | ||
| 003 | BD-JhCC | ||
| 005 | 20171107184231.0 | ||
| 008 | 171023s2003 bg ||||| |||| 00| 0 ben d | ||
| 035 | _a(BD-JhCC)1682 | ||
| 040 |
_aBD-JhCC _dBD-JhCC |
||
| 041 | _aben | ||
| 082 |
_a891.4409 _bDUL 2003 |
||
| 245 |
_aধূলিচিত্র : _bশিল্প সাহিত্যের ছোট কাগজ / _cহাফিজুর রহমান |
||
| 260 |
_aঢাকা : _bআলম প্রিন্টিং প্রেস, _c2003. |
||
| 300 |
_a104 P. : _c22 cm. |
||
| 650 | _aBengali Literature | ||
| 650 | _aNewspaper | ||
| 700 | _aরহমান, হাফিজুর | ||
| 942 |
_2ddc _cBK |
||